[Event "Pinamar IRT Orosco"]
[Site "Pinamar"]
[Date "2005.03.18"]
[Round "11"]
[White "Pingas, Blas Mariano"]
[Black "Hobaica, Juan Pablo"]
[Result "1/2-1/2"]
[WhiteElo "2281"]
[BlackElo "2312"]
[PlyCount "97"]
[EventDate "2005.03.08"]
[EventType "tourn"]
[EventRounds "11"]
[EventCountry "ARG"]
[SourceTitle "CBM 105 Extra"]
[Source "ChessBase"]
[SourceDate "2005.05.01"]
[SourceVersion "1"]
[SourceVersionDate "2005.05.01"]
[SourceQuality "1"]

1. c4 Nf6 2. g3 g6 3. Bg2 Bg7 4. Nc3 0-0 5. Nf3 d6 6. 0-0 e5 7. d3 Bg4 8. h3 Bd7 9. Bg5 h6 10. Bxf6 Bxf6 11. Rb1 a5 12. a3 a4 13. Ne1 Ra5 14. Kh2 b6 15. Nc2 Bg7 16. e3 f5 17. f4 Nc6 18. Nb4 Ne7 19. Ncd5 Nc8 20. Bf3 Kh8 21. Rf2 Re8 22. Re2 e4 23. Bg2 b5 24. dxe4 fxe4 25. cxb5 Bxb5 26. Rd2 c6 27. Nc3 Bxc3 28. bxc3 Qf6 29. c4 Bxc4 30. Nxc6 Ra6 31. Nd4 Nb6 32. Rdb2 d5 33. Bf1 Bxf1 34. Qxf1 Nc4 35. Rb8 Qf8 36. Rxe8 Qxe8 37. Qc1 Rb6 38. Rxb6 Nxb6 39. Qc5 Nc4 40. Nc2 Qe6 41. g4 g5 42. Qf8+ Kh7 43. Nd4 Qg8 44. Qf5+ Qg6 45. Qd7+ Kh8 46. Qd8+ Qg8 47. Qf6+ Qg7 48. Qd8+ Qg8 49. Qf6+ 1/2-1/2

[Event "Pinamar IRT Orosco"]
[Site "Pinamar"]
[Date "2005.03.14"]
[Round "7"]
[White "Pingas, Blas Mariano"]
[Black "Fiori, Hector Dionisio"]
[Result "0-1"]
[WhiteElo "2281"]
[BlackElo "2112"]
[PlyCount "90"]
[EventDate "2005.03.08"]
[EventType "tourn"]
[EventRounds "11"]
[EventCountry "ARG"]
[SourceTitle "CBM 105 Extra"]
[Source "ChessBase"]
[SourceDate "2005.05.01"]
[SourceVersion "1"]
[SourceVersionDate "2005.05.01"]
[SourceQuality "1"]

1. c4 Nf6 2. Nc3 e6 3. Nf3 d5 4. d4 c5 5. cxd5 exd5 6. Bg5 Be6 7. e3 Nc6 8. Be2 Be7 9. 0-0 cxd4 10. Nxd4 0-0 11. Nxc6 bxc6 12. Rc1 Qa5 13. Qa4 Qb6 14. Qc2 Rac8 15. Bf3 Rfe8 16. Rfd1 Qa5 17. b3 Ba3 18. Ra1 Nd7 19. e4 d4 20. Nb1 Bd6 21. Bd2 Qc7 22. g3 Ne5 23. Bg2 Bg4 24. Rc1 Nf3+ 25. Kh1 Qe7 26. h3 Bh5 27. Qc4 Qf6 28. Bb4 c5 29. Qa6 Qe6 30. Qa5 cxb4 31. Nd2 Rxc1+ 32. Rxc1 Nxd2 33. Qxh5 Nxe4 34. Kg1 Nf6 35. Qa5 Bxg3 36. Qxb4 Bxf2+ 37. Kh1 Nh5 38. Qb5 Ng3+ 39. Kh2 Nf5 40. Rc6 Bg3+ 41. Kh1 Qe1+ 42. Bf1 g6 43. Rc1 Qxc1 44. Qxe8+ Kg7 45. Kg2 Qe3 0-1

[Event "Posadas Summer op"]
[Site "Posadas"]
[Date "2005.02.07"]
[Round "6"]
[White "Ledesma, Hugo"]
[Black "Pingas, Blas Mariano"]
[Result "0-1"]
[WhiteElo "2115"]
[BlackElo "2281"]
[PlyCount "64"]
[EventDate "2005.02.04"]
[EventType "swiss"]
[EventRounds "7"]
[EventCountry "ARG"]
[SourceTitle "CBM 104 Extra"]
[Source "ChessBase"]
[SourceDate "2005.03.01"]
[SourceVersion "1"]
[SourceVersionDate "2005.03.01"]
[SourceQuality "1"]

1. e4 e5 2. Nf3 Nc6 3. Bb5 Nge7 4. 0-0 d6 5. c3 Bd7 6. d4 Ng6 7. Qb3 Be7 8. Na3 0-0 9. Bxc6 Bxc6 10. d5 Bd7 11. Nc4 b6 12. Ne3 Nh4 13. Qd1 Nxf3+ 14. Qxf3 Bg5 15. Nf5 Bxc1 16. Raxc1 g6 17. Ng3 f5 18. c4 a5 19. Rc3 Qh4 20. h3 Rf7 21. exf5 gxf5 22. Qh5 Qxh5 23. Nxh5 f4 24. Kh2 Rf5 25. g4 Rff8 26. g5 Kf7 27. Rg1 Bf5 28. h4 Kg6 29. Nf6 h6 30. Ng4 hxg5 31. hxg5 Bxg4 32. Rxg4 Kf5 0-1

[Event "Ricardo Lettieri IRT"]
[Site "Pinamar"]
[Date "2004.07.11"]
[Round "6"]
[White "Pingas, Blas Mariano"]
[Black "Walsh, Hector"]
[Result "1-0"]
[WhiteElo "2287"]
[BlackElo "2207"]
[PlyCount "67"]
[EventDate "2004.07.08"]
[EventType "tourn"]
[EventRounds "11"]
[EventCountry "ARG"]
[SourceTitle "EXT 2008"]
[Source "ChessBase"]
[SourceDate "2007.11.25"]
[SourceVersion "1"]
[SourceVersionDate "2007.11.25"]
[SourceQuality "1"]

1. Nf3 d6 2. g3 g6 3. Bg2 Bg7 4. 0-0 f5 5. d4 Nf6 6. c4 0-0 7. Nc3 Nc6 8. Rb1 e5 9. Bg5 h6 10. dxe5 hxg5 11. exf6 Bxf6 12. Nd5 g4 13. Ne1 Kg7 14. Nc2 Be6 15. b3 Rh8 16. f4 Rh7 17. Rf2 Qd7 18. Nxf6 Kxf6 19. Ne3 Rah8 20. Nf1 g5 21. e3 Rh5 22. Qd2 Qh7 23. Bh1 Ne7 24. Qd4+ Kf7 25. Bxb7 Ng6 26. Bd5 Nh4 27. fxg5 Rxg5 28. gxh4 Rh5 29. Ng3 Rxh4 30. Bxe6+ Kxe6 31. Qd5+ Ke7 32. Nxf5+ Kd7 33. Nxh4 Qxb1+ 34. Rf1 1-0